Catálogo
 En Linea

Biblioteca Nacional. (Registro nro. 1689)

Detalles MARC
000 -CABECERA
campo de control de longitud fija 00503nam a2200169 a 4500
001 - NÚMERO DE CONTROL
campo de control 000001812
005 - FECHA Y HORA DE LA ÚLTIMA TRANSACCIÓN
campo de control 20200929145719.0
008 - DATOS DE LONGITUD FIJA--INFORMACIÓN GENERAL
campo de control de longitud fija 090629s2004 bl a 000 0 spa d
040 ## - FUENTE DE LA CATALOGACIÓN
Centro catalogador/agencia de origen DO-SdBNP
Lengua de catalogación spa
Centro/agencia transcriptor BNPHU
082 ## - NÚMERO DE LA CLASIFICACIÓN DECIMAL DEWEY
Número de clasificación 027.581
Número de documento/Ítem B582b
110 2# - ENTRADA PRINCIPAL--NOMBRE DE ENTIDAD CORPORATIVA
Nombre de entidad corporativa o nombre de jurisdicción como elemento de entrada Biblioteca Nacional (Brasil)
9 (RLIN) 5885
245 10 - MENCIÓN DE TÍTULO
Título Biblioteca Nacional.
260 ## - PUBLICACIÓN, DISTRIBUCIÓN, ETC.
Lugar de publicación, distribución, etc. São Paulo :
Nombre del editor, distribuidor, etc. Banco Safra,
Fecha de publicación, distribución, etc. 2004.
300 ## - DESCRIPCIÓN FÍSICA
Extensión 351 p. :
Otras características físicas il. ;
Dimensiones 29 cm.
500 ## - NOTA GENERAL
Nota general Incluye bibliografia
610 24 - PUNTO DE ACCESO ADICIONAL DE MATERIA--NOMBRE DE ENTIDAD CORPORATIVA
Nombre de entidad corporativa o nombre de jurisdicción como elemento de entrada BIBLIOTECA NACIONAL (BRASIL)
Subdivisión general CATÁLOGOS
9 (RLIN) 5886
Existencias
Estado de retiro Estado de pérdida Restricciones de uso No para préstamo Código de colección Localización permanente Ubicación/localización actual Ubicación en estantería Fecha de adquisición Número de inventario Total de préstamos Signatura topográfica completa Código de barras Fecha visto por última vez Precio válido a partir de Tipo de ítem Koha
    Préstamo interno   Monografías: Libros y Folletos General General En catalogación 29.06.2009 LF1   027.581 B582b 1812-10 25.06.2020 25.06.2020 Préstamo interno

Con tecnología Koha